000 00661aas a2200193 4500
999 _c63518
_d63518
001 768714001
003 CO-MdFUSB
005 20171027114331.0
008 171027s2010 ck ||||| |||| 00| 0 spa d
022 _a2145-8197
040 _aCO-MdFUSB
_bspa
_cCO-MdFUSB
_dCO-MdFUSB
041 _aspa
245 0 _aEE.UU. inicia guerras en Irak y Afganistán
_c/ El Tiempo
300 _aNúmero 10 (2010), página 40
_c: 28 cm.
520 1 _aAl terminar la década, los soldados estadounidenses seguirán en estos países. Se programa el retiro de Irak.
650 1 4 _aHISTORIA
773 0 _tdk100
_049432
_959929
_gNúmero 10 (2010), página 40
_qPágina 40
942 _cANA